1038 1351 1344 1505 1380 1075 1527 1114 1620 1152 1316 1871 1423 1707 1477 1375 1481 1810 1461 1288 1987 1922 1994 1257 1202 1123 1982 1558 1652 1381 1347 1644 1482 1653 1769 1784 1303 1269 1742 1911 1937 1463 1027 1322 1286 1809 1459 1460 1906 1885 1052 1429 1374 1654 1224 1060 1598 1079 1545 1306 1104 1463 1567 1504 1035 1146 1057 1444 1274 1548 1663 1661 1132 1888 1141 1507 1308 1809 1893 1348 1702 1015 1070 1189 1559 1845 1346 1482 1245 1154 1562 1631 1630 1746 1753 1450 1588 1212 1927 BCNSPRNW ULIB Ver.6.0+V

เปลี่ยนเป็นภาษาไทย

Change to English
 แสดงรายละเอียดบรรณานุกรม
  กลับหน้าหลัก

Brief Record : Get Marc (ISO 2709) : E-mail record : QR code < ปิดหน้าต่าง
LEADER : 00000nam 2200000uu 4500
001    13399127755
003     ULIB
008    210519s||||||||th 000 0 tha d
020    ^a9786160038190
050  0 ^aนว^bธ739ห
100    ^aธุวัฒธรรพ์
245    ^aหนึ่งถ้อยร้อยรัก
250    ^aพิมพ์ครั้งที่ 1
260    ^aกรุงเทพฯ :^bพิมพ์คำ,^c2562
300    ^a303 หน้า;^b26 ซม.
650    ^aนวนิยาย
945    ^p210^l0^i28900
999    ^aกัณชพร จุลอักษร
รายการนี้ยังไม่มีแท็ก
คุณยังไม่ได้ล็อกอิน คุณสามารถมีกิจกรรมร่วมกับเว็บไซต์ได้ แต่ต้องล็อกอินก่อน ::
  ล็อกอิน

รายการสื่อสารสนเทศ

ลำดับที่ ประเภท เลขเรียก/บาร์โค้ด สถานที่ สถานะ
1. วิทยาศาสตร์การแพทย์ และสุขภาพ
วิทยาศาสตร์การแพทย์ และสุขภาพ
นว ธ739ห ฉ.1 
  Barcode: 28900
ห้องสมุดวิทยาเขตนครสวรรค์
►นวนิยาย:l:Fiction
บนชั้น

รายการใกล้เคียง
    ชื่อเรื่อง [หนึ่งถ้อยร้อยรัก]

    ผู้แต่ง [ธุวัฒธรรพ์]

    หัวเรื่อง [นวนิยาย]

BibComment


ยังไม่เคยถูกคอมเมนท์

คอมเมนท์ทรัพยากรรายการนี้
  คอมเมนท์: หนึ่งถ้อยร้อยรัก


 Copyright 2026. Bcnsprnw @Library